<?xml version="1.0" encoding="UTF-8"?>
<record
    xmlns:xsi="http://www.w3.org/2001/XMLSchema-instance"
    xsi:schemaLocation="http://www.loc.gov/MARC21/slim http://www.loc.gov/standards/marcxml/schema/MARC21slim.xsd"
    xmlns="http://www.loc.gov/MARC21/slim">

  <leader>01534nam a2200253   4500</leader>
  <controlfield tag="003">NALT</controlfield>
  <controlfield tag="005">20220610124618.0</controlfield>
  <controlfield tag="008">190826b        th ||||| |||| 00| 0 tha d</controlfield>
  <datafield tag="040" ind1=" " ind2=" ">
    <subfield code="a">NALT</subfield>
  </datafield>
  <datafield tag="050" ind1=" " ind2=" ">
    <subfield code="a">TD 313.T48</subfield>
    <subfield code="b">&#xE2A;549&#xE01; 2562</subfield>
  </datafield>
  <datafield tag="100" ind1="0" ind2=" ">
    <subfield code="a">&#xE2A;&#xE31;&#xE08;&#xE08;&#xE32; &#xE1A;&#xE23;&#xE23;&#xE08;&#xE07;&#xE28;&#xE34;&#xE23;&#xE34;</subfield>
    <subfield code="9">23266</subfield>
  </datafield>
  <datafield tag="245" ind1="1" ind2="0">
    <subfield code="a">&#xE01;&#xE32;&#xE23;&#xE21;&#xE35;&#xE2A;&#xE48;&#xE27;&#xE19;&#xE23;&#xE48;&#xE27;&#xE21;&#xE43;&#xE19;&#xE01;&#xE32;&#xE23;&#xE1A;&#xE23;&#xE34;&#xE2B;&#xE32;&#xE23;&#xE08;&#xE31;&#xE14;&#xE01;&#xE32;&#xE23;&#xE17;&#xE23;&#xE31;&#xE1E;&#xE22;&#xE32;&#xE01;&#xE23;&#xE19;&#xE49;&#xE33;&#xE1E;&#xE37;&#xE49;&#xE19;&#xE17;&#xE35;&#xE48;&#xE25;&#xE38;&#xE48;&#xE21;&#xE19;&#xE49;&#xE33;&#xE1B;&#xE34;&#xE07; =</subfield>
    <subfield code="b">Participation in water resources management in Ping River Basin /</subfield>
    <subfield code="c">&#xE2A;&#xE31;&#xE08;&#xE08;&#xE32; &#xE1A;&#xE23;&#xE23;&#xE08;&#xE07;&#xE28;&#xE34;&#xE23;&#xE34;, &#xE1A;&#xE33;&#xE40;&#xE1E;&#xE47;&#xE0D; &#xE40;&#xE02;&#xE35;&#xE22;&#xE27;&#xE2B;&#xE27;&#xE32;&#xE19;, &#xE1B;&#xE32;&#xE25;&#xE35;&#xE23;&#xE31;&#xE15;&#xE19;&#xE4C; &#xE01;&#xE32;&#xE23;&#xE14;&#xE35;. </subfield>
  </datafield>
  <datafield tag="260" ind1=" " ind2=" ">
    <subfield code="a">&#xE19;&#xE19;&#xE17;&#xE1A;&#xE38;&#xE23;&#xE35; :</subfield>
    <subfield code="b">&#xE21;&#xE2B;&#xE32;&#xE27;&#xE34;&#xE17;&#xE22;&#xE32;&#xE25;&#xE31;&#xE22;&#xE2A;&#xE38;&#xE42;&#xE02;&#xE17;&#xE31;&#xE22;&#xE18;&#xE23;&#xE23;&#xE21;&#xE32;&#xE18;&#xE34;&#xE23;&#xE32;&#xE0A;,</subfield>
    <subfield code="c">2562.</subfield>
  </datafield>
  <datafield tag="300" ind1=" " ind2=" ">
    <subfield code="a">140 &#xE2B;&#xE19;&#xE49;&#xE32; :</subfield>
    <subfield code="b">&#xE15;&#xE32;&#xE23;&#xE32;&#xE07; ;</subfield>
    <subfield code="c">29 &#xE0B;&#xE21;.</subfield>
  </datafield>
  <datafield tag="650" ind1=" " ind2="4">
    <subfield code="9">41791</subfield>
    <subfield code="a">&#xE01;&#xE32;&#xE23;&#xE08;&#xE31;&#xE14;&#xE01;&#xE32;&#xE23;&#xE04;&#xE38;&#xE13;&#xE20;&#xE32;&#xE1E;&#xE19;&#xE49;&#xE33;</subfield>
    <subfield code="z">&#xE25;&#xE38;&#xE48;&#xE21;&#xE19;&#xE49;&#xE33;&#xE1B;&#xE34;&#xE07; </subfield>
  </datafield>
  <datafield tag="650" ind1=" " ind2="4">
    <subfield code="9">41793</subfield>
    <subfield code="a">&#xE01;&#xE32;&#xE23;&#xE08;&#xE31;&#xE14;&#xE01;&#xE32;&#xE23;&#xE04;&#xE38;&#xE13;&#xE20;&#xE32;&#xE1E;&#xE19;&#xE49;&#xE33;</subfield>
    <subfield code="x">&#xE01;&#xE32;&#xE23;&#xE21;&#xE35;&#xE2A;&#xE48;&#xE27;&#xE19;&#xE23;&#xE48;&#xE27;&#xE21;&#xE02;&#xE2D;&#xE07;&#xE1B;&#xE23;&#xE30;&#xE0A;&#xE32;&#xE0A;&#xE19;</subfield>
  </datafield>
  <datafield tag="650" ind1=" " ind2="4">
    <subfield code="9">41792</subfield>
    <subfield code="a">&#xE01;&#xE32;&#xE23;&#xE08;&#xE31;&#xE14;&#xE01;&#xE32;&#xE23;&#xE19;&#xE49;&#xE33;</subfield>
    <subfield code="z">&#xE25;&#xE38;&#xE48;&#xE21;&#xE19;&#xE49;&#xE33;&#xE1B;&#xE34;&#xE07;</subfield>
  </datafield>
  <datafield tag="700" ind1="0" ind2=" ">
    <subfield code="a">&#xE1A;&#xE33;&#xE40;&#xE1E;&#xE47;&#xE0D; &#xE40;&#xE02;&#xE35;&#xE22;&#xE27;&#xE2B;&#xE27;&#xE32;&#xE19;</subfield>
    <subfield code="9">23267</subfield>
  </datafield>
  <datafield tag="700" ind1="0" ind2=" ">
    <subfield code="a">&#xE1B;&#xE32;&#xE25;&#xE35;&#xE23;&#xE31;&#xE15;&#xE19;&#xE4C; &#xE01;&#xE32;&#xE23;&#xE14;&#xE35;</subfield>
    <subfield code="9">23268</subfield>
  </datafield>
  <datafield tag="850" ind1=" " ind2=" ">
    <subfield code="a">NALT</subfield>
  </datafield>
  <datafield tag="942" ind1=" " ind2=" ">
    <subfield code="c">RSH</subfield>
    <subfield code="2">lcc</subfield>
  </datafield>
  <datafield tag="998" ind1=" " ind2=" ">
    <subfield code="a">bijaya</subfield>
    <subfield code="b">phon</subfield>
    <subfield code="c">phon</subfield>
    <subfield code="j">104</subfield>
    <subfield code="k"> &#xE19;&#xE32;&#xE07;&#xE2A;&#xE32;&#xE27;&#xE2A;&#xE32;&#xE22;&#xE1D;&#xE19;  &#xE14;&#xE35;&#xE07;&#xE32;&#xE21;</subfield>
  </datafield>
  <datafield tag="999" ind1=" " ind2=" ">
    <subfield code="c">96299</subfield>
    <subfield code="d">96299</subfield>
  </datafield>
  <datafield tag="952" ind1=" " ind2=" ">
    <subfield code="0">0</subfield>
    <subfield code="1">0</subfield>
    <subfield code="2">lcc</subfield>
    <subfield code="4">0</subfield>
    <subfield code="7">0</subfield>
    <subfield code="8">CRSH</subfield>
    <subfield code="a">NALT</subfield>
    <subfield code="b">NALT</subfield>
    <subfield code="c">RSH</subfield>
    <subfield code="d">2019-08-26</subfield>
    <subfield code="o">&#xE27; TD 313.T48 &#xE2A;549&#xE01; 2562</subfield>
    <subfield code="p">3961209604</subfield>
    <subfield code="r">2019-09-11 00:00:00</subfield>
    <subfield code="w">2019-08-26</subfield>
    <subfield code="y">RSH</subfield>
  </datafield>
</record>
